|
|
|
|
| LEADER |
00602cam a2200193 7i4500 |
| 001 |
0000046554 |
| 005 |
20241128090000.0 |
| 020 |
|
|
|a 0333631420
|
| 090 |
0 |
0 |
|a DS223
|b .H56 2002
|
| 100 |
1 |
|
|a Hitti, Philip K
|
| 245 |
1 |
0 |
|a History of the Arabs :
|b from the earlist times to the present
|c Philip K Hitti.
|
| 250 |
|
|
|a 10th ed.
|
| 260 |
|
|
|a New york:
|b Palgrave Macmillan,
|c 2002.
|
| 300 |
|
|
|a 822 p.
|
| 500 |
|
|
|a Gift: Zainol Ahmad Resource Center
|
| 650 |
0 |
0 |
|a Arabs
|
| 650 |
0 |
0 |
|a Civilization, Arab
|
| 651 |
|
0 |
|a Arabian Peninsula --
|x History
|
| 999 |
|
|
|a 0000067649
|b BOK
|c OPEN SHELF
|e 1st Floor, Bestari Jaya
|